000 00572nam a2200229Ia 4500
003 OSt
005 20221005130845.0
006 a|||||r|||| 00| 0
007 ta
008 221004b |||||||| |||| 00| 0 mar d
024 _a46145
037 _cTextual
040 _aCRL
_cCRL
_bmar
041 _2mar
_amar
082 _aO155,3N171w,1, L3
100 _aDhandekar
_9638765
245 0 _aSansamaran
260 _c1973
650 _aMARATHI LITERATURE
_938000
942 _hO155,3N171w,1, L3
_cTEXL
_2cc
999 _c1058620
_d1058620